000 00197nam a2200085Ia 4500
008 120527s9999 xx 000 0 und d
100 _aWade & Tavris
245 _aInvitation to Economics
942 _cBK
999 _c27434
_d27434